000 00368nam a22001217a 4500
082 _a220 PRO
100 _aNC Taseer Ahmed
_971371
245 _aPR-SOF-1644-Platform Benchmarking in NFV Infrastucture
260 _aISLAMABAD
_bNUST COLLEGE OF EME
_c2017
650 _aDE-COMP-35
_971372
700 _aUPERVISOR DR. Shoab Ahmed Khan Dr. Muazzam Ali
_971373
942 _cCR
999 _c577926
_d577926